000 00496nam a22002057a 4500
003 OSt
005 20240228111511.0
008 240228b |||||||| |||| 00| 0 eng d
020 _a978-93-93159-94-6
040 _cTrident
082 _a541.223
100 _aP S KALSI
_945373
245 _aStereoChemistry : Conformation and Mechanism
250 _a11th
260 _aNew Delhi
_bNew Age
_c2022
300 _axvii;664
500 _aQuantity-5
650 _aChemistry
942 _2ddc
_cBK
_n0
999 _c61108
_d61108